Regional geography/

Saved in:
Bibliographic Details
Main Author: MUNSURI, Shahida
Format: Book
Language:English
Published: Ishwar Books, 2019.
Tags: Add Tag
No Tags, Be the first to tag this record!

MARC

LEADER 00000nam a22000007a 4500
008 210830b ||||| |||| 00| 0 eng d
020 |a ISBN: 978-93-8680638-3 
100 |a MUNSURI, Shahida. 
245 |a Regional geography/   |c Shahida Munsusri  |g  vi, 272p., ill. 
260 |b Ishwar Books,   |c  2019.   |h  New Delhi:   |i 696481—Soc. Sci.  |i 696482  |l G128 .M92  |m 1. Geography.  |m I. Title. 
500 |a “It includes index” 
942 |a lcc  |c BK  |e j. o. ifatola  |f 30/08/ 2021 
952 |0 0  |1 0  |2 lcc  |4 0  |6 G0128 M92  |7 0  |9 3303  |a SSL  |b HOL  |c GJ  |d 2021-08-30  |l 0  |o G128 .M92  |p 2021-67012  |r 2021-08-30 00:00:00  |w 2021-08-30  |y BK 
952 |0 0  |1 0  |2 lcc  |4 0  |6 G0128 M92  |7 0  |9 3304  |a SSL  |b HOL  |c GJ  |d 2021-08-30  |l 0  |o G128 .M92  |p 2021-67013  |r 2021-08-30 00:00:00  |w 2021-08-30  |y BK 
999 |c 1650  |d 1650